| Tag |
First Indicator |
Second Indicator |
Subfields |
| LEADER |
00000cam a2200000Ii 4500 |
| 001 |
in00004581713 |
| 006 |
m o d |
| 007 |
cr |n||||||||| |
| 008 |
180331s2005 flua ob 101 0 eng d |
| 005 |
20220613175951.7 |
| 020 |
|
|
|a 9780429120138
|q (e-book : PDF)
|
| 020 |
|
|
|z 9781138402126
|q (hardback)
|
| 020 |
|
|
|z 9780824723354
|q (paperback)
|
| 024 |
7 |
|
|a 10.1201/9781420028324
|2 doi
|
| 035 |
|
|
|a (OCoLC)326785671
|
| 035 |
|
|
|a 9780429120138
|
| 040 |
|
|
|a FlBoTFG
|c FlBoTFG
|e rda
|
| 050 |
|
4 |
|a QA251.3
|b .C6537 2005
|
| 082 |
0 |
4 |
|a 512.44
|b C734
|
| 245 |
0 |
0 |
|a Commutative algebra :
|b geometric, homological, combinatorial, and computational aspects /
|c edited by Alberto Corso. [and others].
|
| 264 |
|
1 |
|a Boca Raton :
|b Taylor and Francis,
|c 2005.
|
| 300 |
|
|
|a 1 online resource (265 pages)
|
| 336 |
|
|
|a text
|b txt
|2 rdacontent
|
| 337 |
|
|
|a computer
|b c
|2 rdamedia
|
| 338 |
|
|
|a online resource
|b cr
|2 rdacarrier
|
| 490 |
0 |
|
|a Lecture notes in pure and applied mathematics ;
|v Volume 244
|
| 505 |
0 |
0 |
|t chapter 1 A theorem of Eakin and Sathaye and Green's hyperplane restriction theorem /
|r GIULIO CAVIGLIA --
|t chapter 2 Liaison of varieties of small dimension and deficiency modules /
|r MARC CHARDIN --
|t chapter 3 Regularity jumps for powers of ideals /
|r ALDO CONCA --
|t chapter 4 Integral closure of ideals and annihilators of homology /
|r ALBERTO CORSO --
|t chapter 5 Poincare´ series of surface singularities /
|r STEVEN DALE CUTKOSKY --
|t chapter 6 Multi-graded Hilbert coefficients /
|r CLARE D'CRUZ and ANNA GUERRIERI --
|t chapter 7 Torsion freeness and normality of blowup rings of monomial ideals /
|r CESAR A. ESCOBAR --
|t chapter 8 Monomial ideals via square-free monomial ideals /
|r SARA FARIDI --
|t chapter 9 When does the equality I2 QI hold true in Buchsbaum rings? /
|r SHIRO GOTO --
|t chapter 10 Integral closures of ideals in completions of regular local domains /
|r WILLIAM HEINZER --
|t chapter 11 The components of a variety of matrices with square zero and submaximal rank /
|r DIKRAN KARAGUEUZIAN --
|t chapter 12 The support of top graded local cohomology modules /
|r MORDECHAI KATZMAN --
|t chapter 13 An approach to the uniform Artin-Rees theorems from the notion of relation type /
|r FRANCESC PLANAS-VILANOVA --
|t chapter 14 Castelnuovo-Mumford regularity and finiteness of Hilbert functions /
|r MARIA EVELINA ROSSI, NGOˆ VIEˆT TRUNG and GIUSEPPE VALLA --
|t chapter 15 Differential idealizers and algebraic free divisors /
|r ARON SIMIS --
|t chapter 16 Gorenstein rings call the tune /
|r ANNE-MARIE SIMON and JAN R. STROOKER --
|t chapter 17 On free integral extensions generated by one element /
|r IRENA SWANSON --
|t chapter 18 Degeneration and G-dimension of modules /
|r YUJI YOSHINO.
|
| 650 |
|
0 |
|a Commutative algebra
|v Congresses.
|
| 655 |
|
7 |
|a Electronic books.
|2 local
|
| 700 |
1 |
|
|a Corso, Alberto.
|
| 710 |
1 |
|
|a Taylor & Francis.
|
| 730 |
0 |
|
|a MATHnetBASE.
|
| 776 |
0 |
8 |
|i Print version:
|z 9781138402126
|
| 856 |
4 |
0 |
|u http://proxy.library.tamu.edu/login?url=https://www.taylorfrancis.com/books/9781420028324
|z Connect to the full text of this electronic book
|t 0
|
| 999 |
f |
f |
|s 0256742e-757b-477f-ac13-b44c8815782c
|i 0256742e-757b-477f-ac13-b44c8815782c
|t 0
|
| 952 |
f |
f |
|a Texas A&M University
|b College Station
|c Electronic Resources
|d Available Online
|t 0
|e QA251.3 .C6537 2005
|h Library of Congress classification
|
| 998 |
f |
f |
|a QA251.3 .C6537 2005
|t 0
|l Available Online
|